000 00603nam a2200193Ia 4500
003 OSt
005 20251003102516.0
008 220926b |||||||| |||| 00| 0 eng d
037 _cReference
040 _aRTL
_cRTL
_beng
041 _2eng
_aeng
084 _aR5, L0/SC
_qRTL
100 _aMolnar Geza Von
_9370981
245 0 _aNovalis' "Fichte Studies": the foundations of his aesthetics
260 _aThe
_bHauge Mouton
_c1970
300 _a117 p.
_ccm.
_bIncludes bibliographical references and index.
942 _hR5, L0/SC
_cREF
_2CC
_n0
999 _c691230
_d691230